| 000 -LEADER |
| fixed length control field |
01250 a2200301 4500 |
| 003 - CONTROL NUMBER IDENTIFIER |
| control field |
NUST |
| 005 - DATE AND TIME OF LATEST TRANSACTION |
| control field |
20221124124904.0 |
| 008 - FIXED-LENGTH DATA ELEMENTS--GENERAL INFORMATION |
| fixed length control field |
120531t xxu||||| |||| 00| 0 eng d |
| 010 ## - LIBRARY OF CONGRESS CONTROL NUMBER |
| LC control number |
2006038156 |
| 020 ## - INTERNATIONAL STANDARD BOOK NUMBER |
| International Standard Book Number |
9780521857574 |
| 020 ## - INTERNATIONAL STANDARD BOOK NUMBER |
| International Standard Book Number |
0521857570 |
| 035 ## - SYSTEM CONTROL NUMBER |
| System control number |
(OCoLC)ocm76416607 |
| 035 ## - SYSTEM CONTROL NUMBER |
| System control number |
(OCoLC)76416607 |
| 040 ## - CATALOGING SOURCE |
| Transcribing agency |
0 |
| 082 00 - DEWEY DECIMAL CLASSIFICATION NUMBER |
| Classification number |
516.156, DEM |
| 100 1# - MAIN ENTRY--PERSONAL NAME |
| Personal name |
Demaine, Erik D., |
| 9 (RLIN) |
33713 |
| 245 10 - TITLE STATEMENT |
| Title |
Geometric folding algorithms : |
| Remainder of title |
linkages, origami, polyhedra / |
| Statement of responsibility, etc. |
Erik D. Demaine & Joseph O'Rourke. |
| 260 ## - PUBLICATION, DISTRIBUTION, ETC. |
| Place of publication, distribution, etc. |
Cambridge : |
| -- |
New York : |
| Name of publisher, distributor, etc. |
Cambridge University Press, |
| Date of publication, distribution, etc. |
2007. |
| 300 ## - PHYSICAL DESCRIPTION |
| Extent |
xiii, 472 p. : |
| Other physical details |
ill. (some col.) ; |
| Dimensions |
26 cm. |
| 505 ## - FORMATTED CONTENTS NOTE |
| Formatted contents note |
Part-1: Linkages (Page-7), Part-2: Paper (Page-165), Part-3: Polyhedra (Page-297). |
| 650 10 - SUBJECT ADDED ENTRY--TOPICAL TERM |
| Topical term or geographic name entry element |
Polyhedra |
| General subdivision |
Models. |
| 9 (RLIN) |
33714 |
| 650 10 - SUBJECT ADDED ENTRY--TOPICAL TERM |
| Topical term or geographic name entry element |
Polyhedra |
| General subdivision |
Data processing. |
| 9 (RLIN) |
33715 |
| 700 1# - ADDED ENTRY--PERSONAL NAME |
| Personal name |
O'Rourke, Joseph. |
| 9 (RLIN) |
33716 |
| 856 42 - ELECTRONIC LOCATION AND ACCESS |
| Materials specified |
Publisher description |
| Uniform Resource Identifier |
<a href="http://www.loc.gov/catdir/enhancements/fy0703/2006038156-d.html">http://www.loc.gov/catdir/enhancements/fy0703/2006038156-d.html</a> |
| 856 42 - ELECTRONIC LOCATION AND ACCESS |
| Materials specified |
Table of contents only |
| Uniform Resource Identifier |
<a href="http://www.loc.gov/catdir/enhancements/fy0703/2006038156-t.html">http://www.loc.gov/catdir/enhancements/fy0703/2006038156-t.html</a> |
| 856 42 - ELECTRONIC LOCATION AND ACCESS |
| Materials specified |
Contributor biographical information |
| Uniform Resource Identifier |
<a href="http://www.loc.gov/catdir/enhancements/fy0803/2006038156-b.html">http://www.loc.gov/catdir/enhancements/fy0803/2006038156-b.html</a> |
| 942 ## - ADDED ENTRY ELEMENTS (KOHA) |
| Institution code [OBSOLETE] |
SADA |
| Koha item type |
Book |
| Call number prefix |
516.156, DEM |
| Source of classification or shelving scheme |
|